000 00321nam a22001457a 4500
008 210303b ||||| |||| 00| 0 eng d
020 _a9780072322507
041 _aeng
080 _25th
_a32
082 _a32
100 _a19
101 _aSHP
245 _aThe American Democracy
_cPatterson, Th. E
942 _2udc
_cBK
999 _c55552
_d55552